000 00679nam a22001817a 4500
005 20260116103114.0
010 _aHIN-130813
020 _a9789391546069
_c200.00
035 _aHN-103159
037 _bDBAD
082 _a
100 _aभाटिया , गीता
_986469
245 _aसच में ... /
_cगीता भाटिया
260 _aनई दिल्ली
_bशब्दांकुर प्रकाशन
_c2021
270 _aजे-द्वितीय तल -41, मदनगीर,
_bनई दिल्ली
_e110062
300 _a95पृ.
_c22सेमी (अजिल्द)
942 _2ddc
_cHN
_h
_mभाटिया
999 _c214202
_d214202